• 首页
  • 本馆介绍
  • 公告通知
  • 最新文献
  • 馆藏检索
  • 电子资源
  • 读者导购
  • 参考咨询
  • 我的图书馆
  • 登录
  • 详细信息显示
  • 放入我的书架
  • 预约/预借图书
  • 作者相关作品
  • 分类相关作品
  • 丛书相关作品
  • 出版社相关作品

书目信息

  • 表格格式
  • 工作单格式
  • 卡片格式
题名:
设计色彩
    
 
作者: 张继渝 编著
分册:  
出版信息: 重庆   重庆大学出版社  2002
页数: 96页
开本: 29cm
丛书名: 高等院校艺术设计专业丛书
单 册:
中图分类: J063
科图分类:
主题词: 色彩--设计--高等学校
电子资源:
ISBN: 7-5624-2684-8
000 00800oam2 2200241 45
001 002208911
005 20050413150346.6
010    @a7-5624-2684-8@dCNY38.00
100    @a20021210d2002 em y0chiy0110 ea
101 0  @achi
102    @aCN@b500000
105    @aa z 000yy
200 1  @a设计色彩@Ashe ji se cai@f张继渝编著@FZhang Ji Yu Bian Zhu
210    @a重庆@c重庆大学出版社@d2002
215    @a96页@c图@d29cm
225 2  @a高等院校艺术设计专业丛书
330    @a本书内容有设计色彩概述、色彩原理与设计色彩取向、设计色彩的运用、设计色彩的表现形式、色调与设计、设计色彩的应用价值等。
410    @1001002182087@1@12001 @a高等院校艺术设计专业丛书
606 0  @a色彩@x设计@x高等学校
690    @aJ063@v4
701  0 @a张继渝@4编著
801  0 @aCN@bNLC@c20030327
905    @f3@b349095-097@dJ063@e130
    
    设计色彩/张继渝编著.-重庆:重庆大学出版社,2002
    96页:图;29cm.-(高等院校艺术设计专业丛书)
    
    
    ISBN 7-5624-2684-8:CNY38.00
    本书内容有设计色彩概述、色彩原理与设计色彩取向、设计色彩的运用、设计色彩的表现形式、色调与设计、设计色彩的应用价值等。
●
相关链接 在E读中查询图书 在五车中查询图书 在当当中查询图书 在豆瓣中查询图书


正题名:设计色彩     索取号:J063/130         预约/预借

序号 登录号 条形码 馆藏地/架位号 状态 备注
1 0349095   203490953   第一样本阅览室/ [索取号:J063/130] 在馆    
2 0349096   203490962   第一借阅区/ [索取号:J063/130] 在馆    
3 0349097   203490971   第一借阅区/ [索取号:J063/130] 在馆    
唐山师范学院图书馆 欢迎您!
大连网信软件有限公司© 版权所有